00556nam a2200169 a 450000100100000000500170001000800410002704000250006808200150009310000200010824500840012825000110021226000620022330000280028550000410031350400320035400001916320200929165934.0760616s1975 ve a b 000 0 spa  aDO-SdBNPbspacBNPHU axxxxbxxxx1 aPardo, Isaac J.10aEsta tierra de gracia :bimagen de Venezuela en el siglo XVI /cIsaac J. Pardo. a3a ed. aCaracas :bConcejo Municipal del Distrito Federal,c1975. a178 p. :bil. ;c28 cm. aIncluye notas al pie de las p?0ginas aBibliografía : p. 173-178